[Event "Ambalangoda Dhamso op 2nd"]
[Site "Ambalangoda"]
[Date "2012.04.20"]
[Round "4"]
[White "Nanayakkara, Ravindu Ridmal"]
[Black "Gunasinghe, WATS"]
[Result "0-1"]
[WhiteElo "1579"]
[BlackElo "1920"]
[PlyCount "58"]
[EventDate "2012.04.19"]
[EventType "swiss"]
[EventRounds "9"]
[EventCountry "SRI"]
[SourceTitle "CBM 148 Extra"]
[Source "ChessBase"]
[SourceDate "2012.06.22"]
[SourceVersion "1"]
[SourceVersionDate "2012.06.22"]
[SourceQuality "1"]

1. d4 Nf6 2. e3 d5 3. Bd3 g6 4. f4 Bg7 5. Nf3 c5 6. c3 0-0 7. 0-0 cxd4 8. exd4 Nc6 9. Qe1 Ne8 10. Ng5 Nd6 11. Qh4 h6 12. Nf3 Bf5 13. Bxf5 Nxf5 14. Qe1 h5 15. h3 b5 16. g4 hxg4 17. hxg4 Nh6 18. Qh4 e6 19. Qh3 f5 20. g5 Ng4 21. Nh4 Kf7 22. Re1 Qd7 23. Nd2 Rh8 24. Qg3 Nxd4 25. cxd4 Bxd4+ 26. Kf1 Bf2 27. Qd3 Rxh4 28. Re2 Rh1+ 29. Kg2 Rg1+ 0-1